[Event "Porto Mannu op 4th"]
[Site "Porto Mannu"]
[Date "2012.06.02"]
[Round "6"]
[White "Galassi, Federico"]
[Black "Glienke, Manfred"]
[Result "1/2-1/2"]
[WhiteElo "2160"]
[BlackElo "2314"]
[PlyCount "82"]
[EventDate "2012.06.02"]
[EventType "swiss"]
[EventRounds "9"]
[EventCountry "ITA"]
[SourceTitle "EXT 2014"]
[Source "ChessBase"]
[SourceDate "2013.11.20"]
[SourceVersion "1"]
[SourceVersionDate "2013.11.20"]
[SourceQuality "1"]

1. e4 c5 2. Nf3 Nc6 3. Bb5 g6 4. 0-0 Bg7 5. Re1 Nf6 6. e5 Nd5 7. Nc3 Nc7 8. Bxc6 dxc6 9. Ne4 Ne6 10. d3 b6 11. Be3 Nd4 12. Nxd4 cxd4 13. Bf4 h6 14. Qd2 Be6 15. a4 a5 16. h4 c5 17. Re2 Qc7 18. b3 Rd8 19. Rae1 Kf8 20. f3 Qc6 21. Nf2 Qd7 22. Ne4 Kg8 23. g4 Qd5 24. Kg2 Qc6 25. Rf1 Bd5 26. Qe1 Kh7 27. Qg3 Rc8 28. Nd2 Qd7 29. Ne4 Rc6 30. Rfe1 Kg8 31. Rf1 Re6 32. Rfe1 Kf8 33. Nd2 Ke8 34. Ne4 Kd8 35. Nf2 Kc8 36. Bd2 Kb7 37. Nh3 Rc6 38. Nf4 e6 39. Nxd5 Qxd5 40. Qf4 Qd7 41. Qe4 Ka7 1/2-1/2

[Event "Cesenatico op 15th"]
[Site "Cesenatico"]
[Date "2011.09.10"]
[Round "9"]
[White "Galassi, Federico"]
[Black "Wlodarczyk, Robert"]
[Result "1/2-1/2"]
[WhiteElo "2176"]
[BlackElo "2264"]
[PlyCount "42"]
[EventDate "2011.09.03"]
[EventType "swiss"]
[EventRounds "9"]
[EventCountry "ITA"]
[SourceTitle "CBM 144 Extra"]
[Source "ChessBase"]
[SourceDate "2011.10.28"]
[SourceVersion "1"]
[SourceVersionDate "2011.10.28"]
[SourceQuality "1"]

1. e4 c6 2. d4 d5 3. exd5 cxd5 4. c4 Nf6 5. Nc3 e6 6. Nf3 Bb4 7. cxd5 Nxd5 8. Bd2 Nc6 9. Bd3 Be7 10. 0-0 0-0 11. Qe2 Nf6 12. Ne4 Qd5 13. Rfe1 Rd8 14. Bg5 Nh5 15. Ne5 Bxg5 16. Qxh5 Nxe5 17. dxe5 Be7 18. Re3 f5 19. Ng5 Bxg5 20. Qxg5 Bd7 21. Rae1 Bc8 1/2-1/2

[Event "Cesenatico op 15th"]
[Site "Cesenatico"]
[Date "2011.09.06"]
[Round "4"]
[White "Dittmar, Peter"]
[Black "Galassi, Federico"]
[Result "1-0"]
[WhiteElo "2305"]
[BlackElo "2176"]
[PlyCount "65"]
[EventDate "2011.09.03"]
[EventType "swiss"]
[EventRounds "9"]
[EventCountry "ITA"]
[SourceTitle "CBM 144 Extra"]
[Source "ChessBase"]
[SourceDate "2011.10.28"]
[SourceVersion "1"]
[SourceVersionDate "2011.10.28"]
[SourceQuality "1"]

1. e4 d6 2. d4 Nf6 3. Nc3 g6 4. Nf3 Bg7 5. Be2 0-0 6. 0-0 c6 7. a4 Nbd7 8. Re1 Qc7 9. a5 e5 10. h3 Re8 11. dxe5 dxe5 12. Bc4 Nf8 13. Ng5 Ne6 14. Nxe6 Bxe6 15. Bxe6 Rxe6 16. Be3 Nd7 17. Qe2 Rd6 18. Qc4 Qd8 19. Red1 Nf8 20. Rxd6 Qxd6 21. Rd1 Qc7 22. a6 b6 23. Nd5 Qd6 24. Qxc6 Qxc6 25. Ne7+ Kh8 26. Nxc6 Bf6 27. Bh6 Ne6 28. Rd7 Kg8 29. b4 Rc8 30. Nxa7 Rc7 31. Rxc7 Nxc7 32. b5 g5 33. h4 1-0

[Event "Lodi op"]
[Site "Lodi"]
[Date "2008.06.14"]
[Round "2"]
[White "Astengo, Marcello"]
[Black "Galassi, Federico"]
[Result "1-0"]
[WhiteElo "2064"]
[BlackElo "2145"]
[PlyCount "115"]
[EventDate "2008.06.13"]
[EventType "swiss"]
[EventRounds "5"]
[EventCountry "ITA"]
[SourceTitle "CBM 124 Extra"]
[Source "ChessBase"]
[SourceDate "2008.07.03"]
[SourceVersion "1"]
[SourceVersionDate "2008.07.03"]
[SourceQuality "1"]

1. d4 d6 2. e4 Nf6 3. f3 g6 4. c4 Bg7 5. Nc3 0-0 6. Be3 c5 7. dxc5 dxc5 8. Qxd8 Rxd8 9. Bxc5 Nc6 10. Nd5 Nd7 11. Ba3 a5 12. 0-0-0 Kf8 13. Ne2 Nde5 14. Nec3 Be6 15. Be2 Nb4 16. Kb1 Nec6 17. Nb5 Rac8 18. b3 Bxd5 19. exd5 Ne5 20. Rhe1 Nd7 21. Bf1 Nc5 22. Bc1 e6 23. Bg5 Rd7 24. dxe6 Rxd1+ 25. Rxd1 Nxe6 26. Be3 Ke7 27. Bb6 Nc6 28. Nd6 Ra8 29. c5 a4 30. b4 Nxb4 31. Nxb7 Rb8 32. Na5 Nd4 33. Rxd4 Bxd4 34. a3 Nd5 35. Nc6+ Ke6 36. Nxb8 Nxb6 37. cxb6 Bxb6 38. Na6 Ke5 39. Bb5 Bg1 40. Bxa4 Bxh2 41. Bc6 Kd4 42. Kc2 Kc4 43. Nb4 Bd6 44. Bd5+ Kd4 45. Bxf7 Ke3 46. Bd5 Kf2 47. g4 h5 48. gxh5 gxh5 49. Nd3+ Ke3 50. a4 h4 51. Kc3 h3 52. f4 Bc7 53. f5 Bd8 54. Nc5 Bf6+ 55. Kc4 Kf4 56. Nd7 Bd8 57. f6 Kf5 58. f7 1-0

[Event "Porto Mannu op"]
[Site "Porto Mannu"]
[Date "2008.05.19"]
[Round "3"]
[White "Galassi, Federico"]
[Black "Godena, Michele"]
[Result "1/2-1/2"]
[WhiteElo "2145"]
[BlackElo "2528"]
[PlyCount "101"]
[EventDate "2008.05.17"]
[EventType "swiss"]
[EventRounds "9"]
[EventCountry "ITA"]
[SourceTitle "CBM 124 Extra"]
[Source "ChessBase"]
[SourceDate "2008.07.03"]
[SourceVersion "1"]
[SourceVersionDate "2008.07.03"]
[SourceQuality "1"]

1. e4 e5 2. Nf3 Nc6 3. d4 exd4 4. Nxd4 Bc5 5. Nxc6 Qf6 6. Qd2 Qxc6 7. Bd3 Ne7 8. 0-0 0-0 9. b4 Bd4 10. c3 Bf6 11. Qe2 g6 12. Bh6 Re8 13. Qf3 Bh8 14. Na3 a6 15. Rac1 d5 16. Rfe1 Be6 17. c4 dxe4 18. Bxe4 Qa4 19. Nc2 Nc6 20. Qb3 Qxb3 21. axb3 Bc3 22. Red1 Bg4 23. Rd3 Bb2 24. Re1 Rxe4 25. Rxe4 Bf5 26. Ree3 Bxd3 27. Rxd3 Re8 28. Kf1 Ne5 29. Rd1 Ng4 30. Bf4 Be5 31. Bxe5 Rxe5 32. h3 Nf6 33. f3 Re8 34. Kf2 Kf8 35. Nd4 Ra8 36. Ne2 Ke7 37. Nc3 Rd8 38. Rxd8 Kxd8 39. Ke3 Ke7 40. g4 Nd7 41. Kd4 Nf8 42. Ne4 Ne6+ 43. Ke5 b6 44. h4 Nd8 45. b5 axb5 46. cxb5 f6+ 47. Kd5 Ne6 48. Kc6 h6 49. Kd5 Nf4+ 50. Kc6 Ne6 51. Kd5 1/2-1/2

[Event "Porto Mannu op"]
[Site "Porto Mannu"]
[Date "2008.05.18"]
[Round "2"]
[White "Cardilli, Mariano"]
[Black "Galassi, Federico"]
[Result "0-1"]
[WhiteElo "2118"]
[BlackElo "2145"]
[PlyCount "96"]
[EventDate "2008.05.17"]
[EventType "swiss"]
[EventRounds "9"]
[EventCountry "ITA"]
[SourceTitle "CBM 124 Extra"]
[Source "ChessBase"]
[SourceDate "2008.07.03"]
[SourceVersion "1"]
[SourceVersionDate "2008.07.03"]
[SourceQuality "1"]

1. d4 d6 2. c4 g6 3. Nc3 Bg7 4. e4 Nf6 5. Nf3 0-0 6. Be2 e5 7. 0-0 Nc6 8. d5 Ne7 9. Ne1 Nd7 10. Nd3 f5 11. Bd2 Nf6 12. f3 f4 13. Rc1 g5 14. c5 Ng6 15. cxd6 cxd6 16. Nb5 Rf7 17. Qc2 Ne8 18. a4 Bf8 19. Nf2 h5 20. Qb3 Rg7 21. h3 Nh8 22. Rc2 Nf7 23. Rfc1 Nh6 24. Bb4 g4 25. fxg4 hxg4 26. Bxg4 Bxg4 27. hxg4 Qb6 28. Qh3 Nxg4 29. Bc5 dxc5 30. Nxg4 c4+ 31. Kf1 Rh7 32. Qf3 Rh1+ 33. Ke2 Rxc1 34. Rxc1 a6 35. Rh1 axb5 36. Qh3 Bg7 37. Qh7+ Kf8 38. Rh5 Rxa4 39. Qf5+ Kg8 40. Qh7+ Kf8 41. Qf5+ Ke7 42. Rh7 Kd8 43. Rxg7 Nxg7 44. Qg5+ Kc8 45. Qxg7 Qd4 46. Qf8+ Kc7 47. Qe7+ Kb6 48. Qxe5 Qd3+ 0-1

[Event "Lodi op 3rd"]
[Site "Lodi"]
[Date "2007.06.10"]
[Round "5"]
[White "Brunello, Sabino"]
[Black "Galassi, Federico"]
[Result "1-0"]
[WhiteElo "2454"]
[BlackElo "2142"]
[PlyCount "33"]
[EventDate "2007.06.08"]
[EventType "swiss"]
[EventRounds "5"]
[EventCountry "ITA"]
[SourceTitle "EXT 2010"]
[Source "ChessBase"]
[SourceDate "2010.11.25"]
[SourceVersion "1"]
[SourceVersionDate "2010.11.25"]
[SourceQuality "1"]

1. e4 d6 2. d4 Nf6 3. Nc3 g6 4. Be3 c6 5. Qd2 b5 6. f3 Nbd7 7. h4 h5 8. Nh3 Bg7 9. Ng5 Bb7 10. 0-0-0 Qa5 11. Kb1 b4 12. Ne2 0-0 13. g4 c5 14. Ng3 Nb6 15. gxh5 gxh5 16. Rg1 c4 17. Qg2 1-0

[Event "Bologna-ch 2nd"]
[Site "Bologna"]
[Date "2005.10.22"]
[Round "6"]
[White "Galassi, Federico"]
[Black "Conti, Valerio"]
[Result "1-0"]
[WhiteElo "2190"]
[BlackElo "2201"]
[PlyCount "67"]
[EventDate "2005.10.15"]
[EventType "swiss"]
[EventRounds "8"]
[EventCountry "ITA"]
[SourceTitle "EXT 2007"]
[Source "ChessBase"]
[SourceDate "2006.11.23"]
[SourceVersion "1"]
[SourceVersionDate "2006.11.23"]
[SourceQuality "1"]

1. e4 c5 2. Nc3 Nc6 3. g3 g6 4. Bg2 Bg7 5. d3 e6 6. Be3 d6 7. Qd2 Nge7 8. Bh6 0-0 9. h4 f6 10. Bxg7 Kxg7 11. h5 g5 12. h6+ Kh8 13. 0-0-0 Rg8 14. f4 gxf4 15. gxf4 d5 16. Qf2 d4 17. Nce2 Qc7 18. Nf3 Bd7 19. Rdg1 Raf8 20. Nh4 Ng6 21. f5 Nxh4 22. Qxh4 e5 23. Bf3 Bc8 24. Rxg8+ Kxg8 25. Rg1+ Kh8 26. Ng3 Qf7 27. Nh5 Qxa2 28. Rg7 Qa1+ 29. Kd2 Qa5+ 30. Ke2 Qa4 31. Nxf6 Qxc2+ 32. Ke1 Qc1+ 33. Kf2 Qd2+ 34. Kg1 1-0

[Event "Bologna-ch 2nd"]
[Site "Bologna"]
[Date "2005.10.16"]
[Round "4"]
[White "Galassi, Federico"]
[Black "Gallo, Enrico"]
[Result "1/2-1/2"]
[WhiteElo "2190"]
[BlackElo "2113"]
[PlyCount "56"]
[EventDate "2005.10.15"]
[EventType "swiss"]
[EventRounds "8"]
[EventCountry "ITA"]
[SourceTitle "EXT 2007"]
[Source "ChessBase"]
[SourceDate "2006.11.23"]
[SourceVersion "1"]
[SourceVersionDate "2006.11.23"]
[SourceQuality "1"]

1. e4 c5 2. Nc3 e6 3. g3 d5 4. exd5 exd5 5. Bg2 Nf6 6. d4 cxd4 7. Qxd4 Nc6 8. Qa4 Bb4 9. Nge2 0-0 10. 0-0 h6 11. h3 Qb6 12. Nf4 Ne7 13. Qb3 d4 14. Nce2 Bc5 15. Qxb6 Bxb6 16. g4 g5 17. Nd3 Ned5 18. b3 Re8 19. Ng3 Bd7 20. Bb2 Rac8 21. Rac1 Rc7 22. Rfe1 Rxe1+ 23. Nxe1 Nf4 24. Bf1 h5 25. Nxh5 N6xh5 26. gxh5 Nxh3+ 27. Bxh3 Bxh3 28. Nf3 Bg4 1/2-1/2

[Event "Cesenatico op 9th"]
[Site "Cesenatico"]
[Date "2004.09.09"]
[Round "6"]
[White "Galassi, Federico"]
[Black "Marholev, Dimitar"]
[Result "0-1"]
[WhiteElo "1943"]
[BlackElo "2350"]
[PlyCount "74"]
[EventDate "2004.09.04"]
[EventType "swiss"]
[EventRounds "9"]
[EventCountry "ITA"]
[SourceTitle "EXT 2007"]
[Source "ChessBase"]
[SourceDate "2006.11.23"]
[SourceVersion "1"]
[SourceVersionDate "2006.11.23"]
[SourceQuality "1"]

1. e4 e5 2. Nf3 Nc6 3. d4 exd4 4. Nxd4 Bc5 5. Be3 Qf6 6. c3 Qg6 7. Nd2 Nge7 8. f4 d5 9. e5 Bxd4 10. Bxd4 Nxd4 11. cxd4 Nc6 12. Nf3 Qe4+ 13. Be2 Qxf4 14. 0-0 0-0 15. Kh1 Bg4 16. Qb3 Bxf3 17. Bxf3 Nxd4 18. Qxd5 c6 19. Qd7 Nxf3 20. Rxf3 Qxe5 21. Qxb7 Rab8 22. Qxa7 Rxb2 23. Raf1 Qg5 24. R3f2 Rxf2 25. Qxf2 Qd5 26. Qa7 Re8 27. h3 h5 28. Qf2 Ra8 29. Ra1 Ra3 30. Kg1 Rd3 31. Re1 Kh7 32. Qc2 g6 33. Rc1 Rd2 34. Qxc6 Rd1+ 35. Kh2 Qe5+ 36. g3 Rd2+ 37. Kh1 Qxg3 0-1